Statistiques concernant Monarques de France

Cliquez ici pour prendre le quiz!

Statistiques générales

  • Ce quiz a été pris 102 fois
  • Le résultat moyen est 36 sur 64

Statistiques - réponses

DynastieDate de règneSurnomRéponse% Correct
Capétiens1314 - 1316" Le Hutin "Louis X
91%
Valois1461 - 1483" Le Prudent "Louis XI
89%
Bourbon1715 - 1774" Le Bien Aimé "Louis XV
87%
Capétiens1226 - 1270" Saint Louis "Louis IX
85%
Bourbon1643 - 1715" Le Grand " ou " Le Roi Soleil "Louis XIV
85%
Bourbon1774 - 1792" Le Restaurateur de la Liberté "Louis XVI
85%
Carolingiens768 - 814" Le Grand "Charlemagne
83%
Valois1498 - 1515" Le Père du Peuple "Louis XII
83%
Bourbon1610 - 1643" Le Juste "Louis XIII
83%
Carolingiens986 - 987Louis V
81%
Capétiens1108 - 1137" Le Gros"Louis VI
79%
Bourbon1814/1815 - 1824" Le Désiré "Louis XVIII
79%
Bourbon1589 - 1610" Le Grand "Henri IV
77%
Capétiens1137 - 1180" Le Jeune "Louis VII
77%
Capétiens1223 - 1226" Le Lion "Louis VIII
77%
Valois1547 - 1559Henri II
72%
Carolingiens936 - 954" D'Outremer "Louis IV
72%
Valois1574 - 1589Henri III
71%
Carolingiens877 - 879" Le Bègue "Louis II
71%
Empire1852 - 1870Napoléon III
69%
Bourbon1824 - 1830Charles X
68%
Carolingiens879 - 882Louis III
68%
Valois1364 - 1380" Le Sage "Charles V
64%
Valois1380 - 1422" Le Fol "Charles VI
63%
Capétiens1180 - 1223" Auguste "Philippe II
63%
Valois1515 - 1547" Le Restaurateur des Lettres "François Ier
61%
Capétiens1285 - 1314" Le Bel "Philippe IV
61%
Valois1422 - 1461" Le Victorieux "Charles VII
60%
Valois1483 - 1498" L'Affable "Charles VIII
60%
Valois1559 - 1560François II
60%
Capétiens987 - 996Hugues Capet
60%
Capétiens1270 - 1285" Le Hardi"Philippe III
60%
Carolingiens840 - 877" Le Chauve "Charles II
59%
Carolingiens884 - 887" Le Gros "Charles II
59%
Capétiens1322 - 1328" Le Bel "Charles IV
57%
Empire1804 - 1814/1815Napoléon Ier
56%
Capétiens1316 - 1322" Le Long "Philippe V
56%
Carolingiens898 - 922" Le Simple "Charles III
55%
Valois1560 - 1574Charles IX
53%
Valois1328 - 1350" Le Catholique "Philippe VI
53%
Capétiens1031 - 1060Henri Ier
49%
Carolingiens751 - 768Pépin le Bref
48%
Capétiens1060 - 1108Philippe Ier
48%
Mérovingiens639 - 657" Le Fainéant "Clovis II
47%
Carolingiens814 - 840" Le Débonnaire " ou " Le Pieux "Louis Ier
47%
Mérovingiens481 - 511Clovis Ier
45%
Valois1350 - 1364" Le Bon "Jean II
45%
Bourbon1830 - 1848" Le Roi-Citoyen ou Le Roi-Bourgeois "Louis Philippe Ier
44%
Mérovingiens623 - 639Dagobert Ier
43%
Capétiens1316 - 1316" Le Posthume "Jean Ier
39%
Capétiens996 - 1031" Le Pieux "Robert II
33%
Carolingiens888 - 898Eudes
31%
Carolingiens879 - 884Carloman
29%
Carolingiens954 - 986Lothaire
28%
Carolingiens922 - 923Robert Ier
28%
Carolingiens923 - 936Raoul
27%
Mérovingiens662 - 675Childéric II
25%
Mérovingiens715 - 721Chilpéric II
24%
Mérovingiens711 - 715Dagobert III
24%
Mérovingiens743 - 751Childéric III
20%
Mérovingiens561 - 584Chilpéric Ier
20%
Mérovingiens584 - 628" Le Jeune "Clothaire II
17%
Mérovingiens511 - 561" Le Vieux "Clothaire Ier
15%
Mérovingiens721 - 737Thierry IV
12%

Distribution des résultats

Percentile par nombre de réponses

% des personnes avec chaque résultat

Votre développement - résultats

Vous n’avez pas pris ce quiz